Revista de derecho de daños 2017 - 2 : responsabilidad objetiva II /

Guardado en:
Formato: Libro
Idioma:Spanish
Publicado: Santa Fe : Rubinzal - Culzoni, 2017
Materias:
Etiquetas: Agregar Etiqueta
Sin Etiquetas, Sea el primero en etiquetar este registro!
LEADER 00617nam a22001815a 4500
001 DER.der013532
008 180615s2017####|||||||||||||||||#||spa||
005 20230607135342.0
245 1 0 |a Revista de derecho de daños 2017 - 2 :  |b responsabilidad objetiva II /  |c Mosset Iturraspe, Jorge. 
260 |a Santa Fe :  |b Rubinzal - Culzoni,  |c 2017 
300 |a 546 p. 
700 1 |a Mosset Iturraspe, Jorge,  |e dir. 
700 1 |a Lorenzetti, Ricardo Luis,  |e dir. 
650 7 |a ESTABLECIMIENTOS EDUCATIVOS 
650 7 |a FACTOR DE ATRIBUCION 
650 7 |a CONSUMIDORES 
650 7 |a DAÑO AMBIENTAL 
859 |a DERECHO  |b BIB. DERECHO  |h 346  |i REV  |p 008527